000 00723nam a2200253Ia 4500
003 OSt
005 20220926004743.0
006 a|||||r|||| 00| 0
007 ta
008 220923b |||||||| |||| 00| 0 eng d
020 _a9789386062895
037 _cGeneral Book
040 _aRTL
_cRTL
_beng
041 _2eng
_aeng
082 _aX:9.1.P, P4;Q5/TD
100 _aHARZING Anne-Wil
_9292632
245 0 _aInternational human resource management
250 _a4th
260 _a New Delhi
_bSage
_c2015
300 _axxiii,540p
_ccm.
700 _a PINNINGTON Ashly H
_9309210
942 _hX:9.1.P, P4;Q5/TD
_cGB
_2CC
999 _c612195
_d612195